<?xml version="1.0" encoding="UTF-8"?><?xml-stylesheet type="text/xsl" href="static/style.xsl"?><OAI-PMH xmlns="http://www.openarchives.org/OAI/2.0/" xmlns:xsi="http://www.w3.org/2001/XMLSchema-instance" xsi:schemaLocation="http://www.openarchives.org/OAI/2.0/ http://www.openarchives.org/OAI/2.0/OAI-PMH.xsd"><responseDate>2026-04-28T14:07:08Z</responseDate><request verb="GetRecord" identifier="oai:riubu.ubu.es:10259/8791" metadataPrefix="marc">https://riubu.ubu.es/oai/request</request><GetRecord><record><header><identifier>oai:riubu.ubu.es:10259/8791</identifier><datestamp>2024-05-10T10:23:57Z</datestamp><setSpec>com_10259_4141</setSpec><setSpec>com_10259_5086</setSpec><setSpec>com_10259_2604</setSpec><setSpec>com_10259_6688</setSpec><setSpec>com_10259_4219</setSpec><setSpec>col_10259_4142</setSpec><setSpec>col_10259_6689</setSpec><setSpec>col_10259_4220</setSpec></header><metadata><record xmlns="http://www.loc.gov/MARC21/slim" xmlns:doc="http://www.lyncode.com/xoai" xmlns:xsi="http://www.w3.org/2001/XMLSchema-instance" xmlns:dcterms="http://purl.org/dc/terms/" xsi:schemaLocation="http://www.loc.gov/MARC21/slim http://www.loc.gov/standards/marcxml/schema/MARC21slim.xsd">
<leader>00925njm 22002777a 4500</leader>
<datafield tag="042" ind1=" " ind2=" ">
<subfield code="a">dc</subfield>
</datafield>
<datafield tag="720" ind1=" " ind2=" ">
<subfield code="a">Collazo Riobó, Carla</subfield>
<subfield code="e">author</subfield>
</datafield>
<datafield tag="720" ind1=" " ind2=" ">
<subfield code="a">González Santos, Josefa</subfield>
<subfield code="e">author</subfield>
</datafield>
<datafield tag="720" ind1=" " ind2=" ">
<subfield code="a">González Bernal, Jerónimo</subfield>
<subfield code="e">author</subfield>
</datafield>
<datafield tag="720" ind1=" " ind2=" ">
<subfield code="a">Cubo Delgado, Esther</subfield>
<subfield code="e">author</subfield>
</datafield>
<datafield tag="260" ind1=" " ind2=" ">
<subfield code="c">2020</subfield>
</datafield>
<datafield tag="520" ind1=" " ind2=" ">
<subfield code="a">Objetivo: Revisar la mejor evidencia científica disponible sobre el uso de las nuevas tecnologías para&#xd;
evaluar actividad física y su relación con la salud.&#xd;
Dise˜no: Revisión sistemática de 39 artículos.&#xd;
Fuentes de datos: Artículos publicados en PubMed, Web of Science, Medline y Science Direct, durante los&#xd;
últimos 10 anos. ˜&#xd;
Selección de estudios: Se seleccionaron artículos relacionados con ensayos clínicos publicados en&#xd;
inglés/espanol ˜ en base a los siguientes términos: «aging», «physical activity assessment», «wearable&#xd;
technology», «telemedicine», «new technologies» y «disease».&#xd;
Extracción de datos: Mediante método PRISMA.&#xd;
Resultados: La actividad física (AF) diurna y nocturna se registra con dispositivos electrónicos inteligentes (DEI). Estos acoplan sensores de movimiento que permiten una monitorización activa y pasiva. Este&#xd;
sistema de registro está dentro del grupo de biomarcadores digitales. La gran ventaja que proporcionan&#xd;
los DEI es la posibilidad de estudiar evaluación remota y longitudinalmente la AF. Pero existen importantes limitaciones también, como son la falta de patrones de AF establecidos como gold standard, que&#xd;
caractericen a la población con base en los grupos de edad, sexo y enfermedad de base.&#xd;
Conclusiones: El uso de los DEI representa un nuevo sistema de monitorización de AF, dentro del grupo&#xd;
de biomarcadores digitales. No obstante, faltan estudios que permitan establecer su asociación con el&#xd;
estado de salud dentro de los diferentes grupos de población.</subfield>
</datafield>
<datafield tag="520" ind1=" " ind2=" ">
<subfield code="a">Objective: Review the best scientific evidence available on the use of new technologies to assess physical&#xd;
activity and its relationship with health.&#xd;
Design: Systematic review of 39 articles.&#xd;
Data sources: Articles published in PubMed, Web of Science, Medline and Science Direct, during the last&#xd;
10 years.&#xd;
Selection of studies: Articles related to clinical trials published in English/Spanish were selected based on&#xd;
the following terms: «aging», «physical activity assessment», «wearable technology», «telemedicine», «new&#xd;
technologies» y «disease».&#xd;
Data extraction: Using the PRISMA method. Results: Day and night physical activity (PA) is recorded with intelligent electronic devices (DEI). These&#xd;
couple motion sensors that allow active and passive monitoring. This registration system is within the&#xd;
group of digital biomarkers. The great advantege provided by intelligent electronic devices is the possibility of stuyding reomte and longitudinal evaluation of PA. But there are important limitations as well,&#xd;
such as the lack of established PA standards such as gold-standard, that characterize the population based&#xd;
on age groups, sex and underlying disease.&#xd;
Conclusions: The use of DEI represents a new AF monitoring system, within the group of digital biomarkers. However, studies are lacking to establish its association with the health status within the different&#xd;
population groups.</subfield>
</datafield>
<datafield tag="024" ind2=" " ind1="8">
<subfield code="a">2605-0730</subfield>
</datafield>
<datafield tag="024" ind2=" " ind1="8">
<subfield code="a">http://hdl.handle.net/10259/8791</subfield>
</datafield>
<datafield tag="024" ind2=" " ind1="8">
<subfield code="a">10.1016/j.appr.2020.100064</subfield>
</datafield>
<datafield ind1=" " ind2=" " tag="653">
<subfield code="a">Dispositivo electrónico inteligente</subfield>
</datafield>
<datafield ind1=" " ind2=" " tag="653">
<subfield code="a">Monitorización pasiva</subfield>
</datafield>
<datafield ind1=" " ind2=" " tag="653">
<subfield code="a">Actividad física</subfield>
</datafield>
<datafield ind1=" " ind2=" " tag="653">
<subfield code="a">Enfermedades</subfield>
</datafield>
<datafield ind1=" " ind2=" " tag="653">
<subfield code="a">Estilo de Vida</subfield>
</datafield>
<datafield ind1=" " ind2=" " tag="653">
<subfield code="a">Intelligent electronic device</subfield>
</datafield>
<datafield ind1=" " ind2=" " tag="653">
<subfield code="a">Passive monitoring</subfield>
</datafield>
<datafield ind1=" " ind2=" " tag="653">
<subfield code="a">Physical activity</subfield>
</datafield>
<datafield ind1=" " ind2=" " tag="653">
<subfield code="a">Diseases</subfield>
</datafield>
<datafield ind1=" " ind2=" " tag="653">
<subfield code="a">Lifestyle</subfield>
</datafield>
<datafield tag="245" ind1="0" ind2="0">
<subfield code="a">Estado sobre la situación del uso y utilidades potenciales de las nuevas tecnologías para medir actividad física. Revisión sistemática de la literatura</subfield>
</datafield>
</record></metadata></record></GetRecord></OAI-PMH>